The poetical works
Colección de poemas realizados por Browning, una poeta del siglo XIX tanto posteriores como anteriores de sus trabajos. Los poemas tienen diversos temas, manteniendo el característico estilo de la autora
Na minha lista:
| Autor principal: | |
|---|---|
| Formato: | Livro |
| Idioma: | Undetermined |
| Publicado em: |
New York, Estados Unidos
American Publishers Co.
[s.f.]
|
| Assuntos: | |
| Tags: |
Adicionar Tag
Sem tags, seja o primeiro a adicionar uma tag!
|
MARC
| LEADER | 00000nam a2200000Ia 4500 | ||
|---|---|---|---|
| 008 | 170316s9999 xx 000 0 und d | ||
| 040 | |a cru BVZT | ||
| 090 | |a 820 B-25p | ||
| 100 | |a Browning, Elizabeth Barrett | ||
| 245 | 4 | |a The poetical works | |
| 260 | |a New York, Estados Unidos | ||
| 260 | |b American Publishers Co. | ||
| 260 | |c [s.f.] | ||
| 300 | |a 624 páginas Vol.1 | ||
| 520 | |a Colección de poemas realizados por Browning, una poeta del siglo XIX tanto posteriores como anteriores de sus trabajos. Los poemas tienen diversos temas, manteniendo el característico estilo de la autora | ||
| 650 | |a LITERATURA INGLESA |9 12 | ||
| 999 | |c 6738 |d 6738 | ||
| 942 | |c 15 D |h 820 B-25p |2 z | ||
